00712 a2200169 45000010006000000050017000060080041000230030015000640400040000790800022001192450031001412640080001723000022002525050210002741000036004847000022005202276520260407155517.0260407a1968 arg spa dAR-UNSa-BCEJYS aAR-UNSa-BCEJYSbspacAR-UNSa-BCEJYS a657xContabilidad10aTeoría contable básica 1aMéxico :bUnión Tipográfica Editorial Hispano-Americana (UTEHA)c1968 aix, 216 p.c18 p. a1. Introducción - 2. Normas de contabilidad - 3. Información contable para usuarios externos - 4. Información contable para la gerencia interna - 5. Expansión de la teoría contable - Apéndices.1 aAmerican Accounting Association1 aMartinez, Enrique